[Event "Winter Pro-Am U2000"]
[Site "Guelph CAN"]
[Date "2012.02.10"]
[Round "1"]
[White "Bond, Hal"]
[Black "Zhao, Yue Tong (Davy)"]
[Result "1/2-1/2"]
[WhiteElo "1815"]
[BlackElo "1677"]
[PlyCount "87"]
[GameId "2160767909572646"]
[EventDate "2012.02.10"]
[EventType "swiss"]
[EventRounds "5"]
[EventCountry "CAN"]

1. e4 g6 2. d4 Bg7 3. f4 c5 4. Nf3 d6 5. c3 Qb6 6. Be2 Bg4 7. O-O Bxf3 8. Bxf3 cxd4 9. Kh1 dxc3 10. Nxc3 Nc6 11. Nd5 Qd8 12. Be3 Qd7 13. Qd2 e6 14. Nc3 Rd8 15. Rad1 Nge7 16. Nb5 Nc8 17. f5 O-O 18. Bg5 f6 19. fxe6 Qxe6 20. Bf4 Ne5 21. Be2 a6 22. Nc7 Qf7 23. Bxe5 dxe5 24. Qxd8 Rxd8 25. Rxd8+ Bf8 26. Bg4 Qxc7 27. Be6+ Kh8 28. Rxf8+ Kg7 29. R1xf6 Nd6 30. Bd5 b5 31. h3 Qe7 32. Kh2 Qc7 33. Rf2 Kh6 34. h4 Qe7 35. g3 Nf5 36. Rf7 Qc5 37. Rf3 Qc2+ 38. Kh3 Qd1 39. R3xf5 gxf5 40. Rf6+ Kg7 41. Rf7+ Kh8 42. Rf8+ Kg7 43. Rf7+ Kh6 44. Rf6+ 1/2-1/2

[Event "Winter Pro-Am U2000"]
[Site "Guelph CAN"]
[Date "2012.02.10"]
[Round "1"]
[White "Li, Hongyi (Tony)"]
[Black "Scott, James"]
[Result "0-1"]
[WhiteElo "1770"]
[BlackElo "1658"]
[PlyCount "48"]
[GameId "2160767909572647"]
[EventDate "2012.02.10"]
[EventType "swiss"]
[EventRounds "5"]
[EventCountry "CAN"]

1. c4 e5 2. g3 Nf6 3. Bg2 Nc6 4. d3 d5 5. Qa4 Be7 6. Bg5 dxc4 7. Bxc6+ bxc6 8. Qxc6+ Bd7 9. Qxc4 O-O 10. Nf3 Be6 11. Qc2 Qd5 12. Qxc7 Bb4+ 13. Bd2 Rac8 14. Qxc8 Rxc8 15. O-O Bxd2 16. Nbxd2 Rc2 17. b3 e4 18. dxe4 Nxe4 19. Nc4 Nc3 20. Ne3 Nxe2+ 21. Kg2 Bh3+ 22. Kxh3 Qxf3 23. Kh4 g5+ 24. Kxg5 Rc5+ 0-1

[Event "Winter Pro-Am U2000"]
[Site "Guelph CAN"]
[Date "2012.02.11"]
[Round "2"]
[White "Forsyth, Garrett"]
[Black "Li, Hongyi (Tony)"]
[Result "1-0"]
[WhiteElo "1603"]
[BlackElo "1770"]
[PlyCount "83"]
[GameId "2160767909572648"]
[EventDate "2012.02.10"]
[EventType "swiss"]
[EventRounds "5"]
[EventCountry "CAN"]

1. e4 c5 2. Nf3 Nc6 3. d4 cxd4 4. Nxd4 e5 5. Nxc6 bxc6 6. c4 Bb4+ 7. Bd2 Bxd2+ 8. Qxd2 Ne7 9. c5 a5 10. Nc3 O-O 11. Na4 Ba6 12. Bxa6 Rxa6 13. O-O Ng6 14. Rad1 Qh4 15. f3 Ra7 16. Nb6 Kh8 17. Nc4 Qe7 18. Nd6 Nf4 19. g3 Ne6 20. Qe3 Rb8 21. Rf2 Raa8 22. f4 exf4 23. gxf4 a4 24. f5 a3 25. b3 Nc7 26. Rg2 f6 27. h4 Rb4 28. Nc4 Na6 29. Nd6 Nc7 30. h5 Rab8 31. h6 Nb5 32. Nc4 g5 33. fxg6 hxg6 34. Rxg6 Re8 35. Kf2 Qf7 36. Rg7 Qh5 37. Rdg1 d5 38. h7 Qh4+ 39. Kf1 Qg5 40. R1xg5 fxg5 41. Qxg5 Rf8+ 42. Kg1 1-0

[Event "Winter Pro-Am U2000"]
[Site "Guelph CAN"]
[Date "2012.02.11"]
[Round "2"]
[White "Zhao, Yue Tong (Davy)"]
[Black "Hare, Scott"]
[Result "1-0"]
[WhiteElo "1677"]
[BlackElo "1946"]
[PlyCount "163"]
[GameId "2160767909572649"]
[EventDate "2012.02.10"]
[EventType "swiss"]
[EventRounds "5"]
[EventCountry "CAN"]

1. e4 c6 2. d4 d5 3. exd5 cxd5 4. Nc3 Nf6 5. Nf3 Bf5 6. Bf4 a6 7. Bd3 Bxd3 8. Qxd3 e6 9. O-O Nc6 10. a3 Be7 11. b4 O-O 12. Ne2 b5 13. Ng3 Qb6 14. c3 Rfc8 15. Bg5 Ra7 16. Rfe1 h6 17. Bxf6 Bxf6 18. Nh5 Ne7 19. Nxf6+ gxf6 20. Nd2 Rac7 21. Rac1 Nf5 22. g4 Nxd4 23. Qe3 Qa7 24. Qxh6 Rxc3 25. Rxc3 Rxc3 26. Qxf6 Rxa3 27. Qd8+ Kg7 28. Re5 f5 29. gxf5 Nf3+ 30. Nxf3 Rxf3 31. Qg5+ Kf8 32. Qf6+ Qf7 33. Rxe6 Qxf6 34. Rxf6+ Ke7 35. Rxa6 Rf4 36. f6+ Kf7 37. Rd6 Rxb4 38. Rxd5 Kxf6 39. Kg2 Rb1 40. Kf3 b4 41. Ke2 b3 42. Rd1 Rb2+ 43. Rd2 Ra2 44. Kd1 Ra1+ 45. Ke2 Ra2 46. Ke3 Ke5 47. Rd8 b2 48. Rb8 Ra3+ 49. Kd2 Rf3 50. Ke2 Rh3 51. Rxb2 Rxh2 52. Rb4 Kf5 53. Ke3 Rh1 54. Rb2 Re1+ 55. Kf3 Ra1 56. Rb3 Rc1 57. Ke2 Rc2+ 58. Ke3 Rc1 59. f3 Re1+ 60. Kf2 Ra1 61. Rb4 Kf6 62. Rb5 Ra4 63. Rb1 Kf5 64. Kg3 Ra3 65. Rb5+ Kf6 66. Kg4 Ra1 67. Rb6+ Kf7 68. f4 Rg1+ 69. Kf5 Rh1 70. Rb7+ Ke8 71. Kg6 Rg1+ 72. Kf6 Rg2 73. f5 Re2 74. Rb8+ Kd7 75. Kf7 Re1 76. f6 Re2 77. Kf8 Re1 78. f7 Rg1 79. Rb6 Kd8 80. Rh6 Kd7 81. Rh7 Rg4 82. Rg7 1-0

[Event "Winter Pro-Am U2000"]
[Site "Guelph CAN"]
[Date "2012.02.11"]
[Round "3"]
[White "Li, Hongyi (Tony)"]
[Black "Itkin, Victor"]
[Result "1-0"]
[WhiteElo "1770"]
[BlackElo "1776"]
[PlyCount "57"]
[GameId "2160767909572650"]
[EventDate "2012.02.10"]
[EventType "swiss"]
[EventRounds "5"]
[EventCountry "CAN"]

1. e4 c5 2. Nf3 e6 3. b4 Nf6 4. e5 Nd5 5. bxc5 Bxc5 6. Bc4 Nb6 7. Bb3 O-O 8. d4 Bb4+ 9. c3 Be7 10. O-O f6 11. a4 fxe5 12. a5 e4 13. axb6 exf3 14. Rxa7 fxg2 15. Kxg2 Qxb6 16. Rxa8 Na6 17. Bc2 Qc6+ 18. f3 b5 19. Qd3 Rf5 20. Qe4 d5 21. Rxc8+ Qxc8 22. Qg4 Rf7 23. Re1 Nc7 24. Bf4 h5 25. Qg3 Ne8 26. Bg6 Rf6 27. Be5 h4 28. Qg4 Rf8 29. Bxe8 1-0

[Event "Winter Pro-Am U2000"]
[Site "Guelph CAN"]
[Date "2012.02.11"]
[Round "3"]
[White "Zhao, Yue Tong (Davy)"]
[Black "Zhang, John"]
[Result "1-0"]
[WhiteElo "1677"]
[BlackElo "1764"]
[PlyCount "50"]
[GameId "2160767909572651"]
[EventDate "2012.02.10"]
[EventType "swiss"]
[EventRounds "5"]
[EventCountry "CAN"]

1. e4 e5 2. Nf3 Nc6 3. Bc4 Nf6 4. d3 Be7 5. Nc3 d6 6. O-O O-O 7. h3 Na5 8. Bb3 Nxb3 9. axb3 c6 10. Re1 Ne8 11. Nh2 f5 12. f3 Bh4 13. Rf1 f4 14. Bd2 Qg5 15. Kh1 Nf6 16. Be1 Bg3 17. Ne2 Nh5 18. Qd2 Qh4 19. Qb4 Rf6 20. Qc4+ Kh8 21. Ba5 Bxh3 22. Rg1 Bxh2 23. Rgf1 Bxg2+ 24. Kxg2 Rg6+ 25. Kh1 Bg1# 1-0

[Event "Winter Pro-Am U2000"]
[Site "Guelph CAN"]
[Date "2012.02.12"]
[Round "4"]
[White "Chen, Richard"]
[Black "Zhao, Yue Tong (Davy)"]
[Result "0-1"]
[WhiteElo "1784"]
[BlackElo "1677"]
[PlyCount "128"]
[GameId "2160767909572652"]
[EventDate "2012.02.10"]
[EventType "swiss"]
[EventRounds "5"]
[EventCountry "CAN"]

1. e4 c5 2. Nf3 Nc6 3. d3 g6 4. g3 Bg7 5. Bg2 d6 6. O-O Bg4 7. Nbd2 Nf6 8. c3 b5 9. h3 Bxf3 10. Nxf3 e5 11. Re1 Nd7 12. Be3 Qb6 13. Qd2 O-O 14. Rad1 Nf6 15. Bh6 a5 16. Bxg7 Kxg7 17. d4 Rad8 18. d5 Ne7 19. Nh4 Ra8 20. Nf5+ gxf5 21. Qg5+ Ng6 22. exf5 h6 23. Qe3 Ne7 24. g4 Nh7 25. f6+ Nxf6 26. g5 Nh7 27. gxh6+ Kh8 28. b4 Rac8 29. f4 Ng6 30. bxc5 Qxc5 31. Qxc5 Rxc5 32. fxe5 Nxe5 33. Re3 Rfc8 34. Rb1 Rg8 35. Kh1 Rg6 36. Rf1 Rxh6 37. Kg1 Rf6 38. Be4 Rxf1+ 39. Kxf1 Nf6 40. Re2 Nxe4 41. Rxe4 Rxc3 42. Rh4+ Kg7 43. Rd4 Rxh3 44. Rd2 Rh1+ 45. Kg2 Rh2+ 46. Kxh2 Nf3+ 47. Kg3 Nxd2 48. Kf2 f5 49. Ke3 Nc4+ 50. Kf4 Kf6 51. Kf3 Ke5 52. Kg3 Ke4 53. Kf2 f4 54. Ke1 Ke3 55. Kf1 f3 56. a4 b4 57. Ke1 b3 58. Kf1 b2 59. Kg1 b1=Q+ 60. Kh2 Kf2 61. Kh3 Qg6 62. Kh4 Ne5 63. Kh3 Qg4+ 64. Kh2 Qg2# 0-1

[Event "Winter Pro-Am U2000"]
[Site "Guelph CAN"]
[Date "2012.02.12"]
[Round "5"]
[White "Liu, Jiaxin (Dora)"]
[Black "Chuchin, Sasha"]
[Result "0-1"]
[WhiteElo "1608"]
[BlackElo "1650"]
[PlyCount "102"]
[GameId "2160767909572653"]
[EventDate "2012.02.10"]
[EventType "swiss"]
[EventRounds "5"]
[EventCountry "CAN"]

1. d4 d5 2. Nf3 c6 3. e3 Bf5 4. Be2 Nf6 5. O-O e6 6. Nbd2 Bd6 7. b3 Qc7 8. Bb2 Nbd7 9. h3 O-O 10. Nh4 Bg6 11. Nxg6 fxg6 12. Bd3 e5 13. c4 e4 14. Be2 b6 15. Rc1 Qb7 16. a3 Rf7 17. b4 Raf8 18. Nb3 Qb8 19. f4 exf3 20. Rxf3 Ne4 21. Nd2 Bh2+ 22. Kf1 Qg3 23. Qe1 Qg5 24. Bd1 Ng3+ 25. Kf2 Nf6 26. Bc2 Nfe4+ 27. Bxe4 dxe4 28. Rxf7 Rxf7+ 29. Nf3 exf3 30. gxf3 Ne4+ 31. Ke2 Qg2+ 32. Kd3 Rxf3 33. Bc3 Nf2+ 34. Kc2 Ng4+ 35. Kb3 Nxe3 36. Qh4 h6 37. Qe7 Nf5 38. Qd8+ Kh7 39. h4 Bg1 40. d5 Nd4+ 41. Ka4 b5+ 42. Ka5 Nb3+ 43. Ka6 Nxc1 44. Be5 Qf2 45. dxc6 bxc4 46. Bd4 Qxd4 47. Qxd4 Bxd4 48. c7 Rf8 49. Kb7 Nb3 50. c8=Q Rxc8 51. Kxc8 c3 0-1